| 000 | 00397nam a2200145Ia 4500 | ||
|---|---|---|---|
| 008 | 210210b2003 xxu||||| |||| 00| 0 eng d | ||
| 082 | _a574.02 RAJB | ||
| 100 | _aRAJENDRA (K) and Others. | ||
| 245 | _aBiology tutor for II PU annual exams and common entrance test. | ||
| 260 |
_aMangalore _bNot Mentioned _c2003 |
||
| 300 | _aZ419,M59 | ||
| 650 | _aCET | ||
| 690 | _aBiology | ||
| 906 | _aSG04468 | ||
| 999 |
_c114914 _d114914 |
||